<?xml version="1.0" encoding="UTF-8"?><?xml-stylesheet type="text/xsl" href="static/style.xsl"?><OAI-PMH xmlns="http://www.openarchives.org/OAI/2.0/" xmlns:xsi="http://www.w3.org/2001/XMLSchema-instance" xsi:schemaLocation="http://www.openarchives.org/OAI/2.0/ http://www.openarchives.org/OAI/2.0/OAI-PMH.xsd"><responseDate>2026-04-13T13:16:12Z</responseDate><request verb="GetRecord" identifier="oai:www.recercat.cat:2117/344234" metadataPrefix="marc">https://recercat.cat/oai/request</request><GetRecord><record><header><identifier>oai:recercat.cat:2117/344234</identifier><datestamp>2025-07-22T22:11:39Z</datestamp><setSpec>com_2072_1033</setSpec><setSpec>col_2072_452951</setSpec></header><metadata><record xmlns="http://www.loc.gov/MARC21/slim" xmlns:dcterms="http://purl.org/dc/terms/" xmlns:xsi="http://www.w3.org/2001/XMLSchema-instance" xmlns:doc="http://www.lyncode.com/xoai" xsi:schemaLocation="http://www.loc.gov/MARC21/slim http://www.loc.gov/standards/marcxml/schema/MARC21slim.xsd">
   <leader>00925njm 22002777a 4500</leader>
   <datafield ind2=" " ind1=" " tag="042">
      <subfield code="a">dc</subfield>
   </datafield>
   <datafield ind2=" " ind1=" " tag="720">
      <subfield code="a">Bermejo Tarragó, Marc</subfield>
      <subfield code="e">author</subfield>
   </datafield>
   <datafield ind2=" " ind1=" " tag="260">
      <subfield code="c">2020-01-20</subfield>
   </datafield>
   <datafield ind2=" " ind1=" " tag="520">
      <subfield code="a">El projecte consisteix en el desenvolupament d’una plataforma al núvol que permeti controlar&#xd;
i monitoritzar una impressora 3D de forma remota.&#xd;
La plataforma disposa d’un sistema de comunicació a temps real entre el servidor i els clients,&#xd;
tant els de tipus usuari com màquina. També permet penjar arxius GCODE que posteriorment&#xd;
seran descarregats per la màquina de forma automàtica quan aquesta estigui llesta per&#xd;
processar-los. A més, conté un registre de totes les impressions realitzades amb la possibilitat&#xd;
de tornar-les a imprimir. Les impressions pendents seran gestionades per una cua intel·ligent&#xd;
capaç de només tenir en compte, els treballs que es puguin processar. Pel que fa els usuaris,&#xd;
existirà un usuari administrador que serà l’encarregat de proporcionar accés als nous usuaris&#xd;
convencionals. Els usuaris convencionals només podran modificar o eliminar els seus propis&#xd;
treballs, metre que els administradors tindran el control total sobre aquests.&#xd;
Aquesta plataforma està pensada per agilitzar la gestió d’impressores 3D en un entorn d’alta&#xd;
productivitat on es requereix del màxim rendiment de la màquina.</subfield>
   </datafield>
   <datafield ind2=" " ind1=" " tag="520">
      <subfield code="a">The project consists of the development of a cloud platform that allows the users to control&#xd;
and monitor a 3D printer remotely.&#xd;
The platform has a real-time communication system between the server and clients, both&#xd;
user and machine type. It also lets you load GCODE files that will later be downloaded&#xd;
automatically by the machine when it will be ready to process them. Also, it contains a record&#xd;
of all prints made with the possibility of reprinting them. Pending prints will be managed by&#xd;
a smart queue capable of taking into account only jobs that can be processed. As for users,&#xd;
there will be an administrator user who will be in charge of providing access to new&#xd;
conventional users. Conventional users will only be able to modify or delete their jobs, and&#xd;
administrators will have full control over them.&#xd;
This platform is designed to streamline the management of 3D printers in a high productivity&#xd;
environment where the maximum performance of the machine is required.</subfield>
   </datafield>
   <datafield tag="653" ind2=" " ind1=" ">
      <subfield code="a">Àrees temàtiques de la UPC::Informàtica</subfield>
   </datafield>
   <datafield tag="653" ind2=" " ind1=" ">
      <subfield code="a">Three-dimensional printing</subfield>
   </datafield>
   <datafield tag="653" ind2=" " ind1=" ">
      <subfield code="a">Process control</subfield>
   </datafield>
   <datafield tag="653" ind2=" " ind1=" ">
      <subfield code="a">Indústria 4.0</subfield>
   </datafield>
   <datafield tag="653" ind2=" " ind1=" ">
      <subfield code="a">Impressió 3D</subfield>
   </datafield>
   <datafield tag="653" ind2=" " ind1=" ">
      <subfield code="a">Cloud</subfield>
   </datafield>
   <datafield tag="653" ind2=" " ind1=" ">
      <subfield code="a">IoT</subfield>
   </datafield>
   <datafield tag="653" ind2=" " ind1=" ">
      <subfield code="a">Impressió 3D</subfield>
   </datafield>
   <datafield tag="653" ind2=" " ind1=" ">
      <subfield code="a">Control de processos</subfield>
   </datafield>
   <datafield ind2="0" ind1="0" tag="245">
      <subfield code="a">La indústria 4.0 aplicada a la impressió 3D</subfield>
   </datafield>
</record></metadata></record></GetRecord></OAI-PMH>